logo

Bir Sreshtho Munshi Abdur Rouf Library
Jhenaidah Cadet College

Guideposts for growing up / (Record no. 7114)

MARC details
000 -LEADER
fixed length control field 00689cam a2200253 4500
001 - CONTROL NUMBER
JCCL Control Number 7114
003 - CONTROL NUMBER IDENTIFIER
JCCL marc code BD-JhCC
005 - DATE AND TIME OF LATEST TRANSACTION
control field 20180519102137.0
008 - FIXED-LENGTH DATA ELEMENTS--GENERAL INFORMATION
fixed length control field 700617s1969 ilua 001 0 eng
035 ## - SYSTEM CONTROL NUMBER
system control number (BD-JhCC)7114
040 ## - CATALOGING SOURCE
Original cataloging agency DLC
Transcribing agency DLC
Modifying agency DLC
-- BD-JhCC
041 ## - LANGUAGE CODE
Language code of Book eng
050 00 - LIBRARY OF CONGRESS CALL NUMBER
Classification number HQ769
Item number .H94 1969
082 00 - DEWEY DECIMAL CLASSIFICATION NUMBER
Classification number 649.1
Author mark and Year HUR 1969
100 1# - MAIN ENTRY--PERSONAL NAME
Personal name Hurlock, Elizabeth Bergner,
Dates associated with a name 1898-
245 10 - TITLE STATEMENT
Title Guideposts for growing up /
Statement of responsibility, etc by Elizabeth B. Hurlock.
260 ## - PUBLICATION, DISTRIBUTION, ETC. (IMPRINT)
Place of publication, distribution, etc Chicago,
Name of publisher, distributor, etc Standard Educational Corp.,
Date of publication, distribution, etc 1969.
300 ## - PHYSICAL DESCRIPTION
Pagination 224 p.
Other physical details illus.
Dimensions 27 cm.
490 0# - SERIES STATEMENT
Series statement Child horizons
650 #0 - SUBJECT ADDED ENTRY--TOPICAL TERM
Topical term or geographic name as entry element Child rearing.
650 #0 - SUBJECT ADDED ENTRY--TOPICAL TERM
Topical term or geographic name as entry element Child psychology.
942 ## - ADDED ENTRY ELEMENTS (KOHA)
Source of classification or shelving scheme Dewey Decimal Classification
Koha item type Books
Holdings
Source of classification or shelving scheme Damaged status Not for loan Home library Current library Shelving location Total Checkouts Full call number Barcode Date last seen Copy number Koha item type
Dewey Decimal Classification     JCC Rouf Library JCC Rouf Library General Stacks   649.1 HUR 1969 9436 02/05/2018 C - 1 Books

JCC Library | Contacts | JCC Home

Last Update on 23 September 2017
Copyright @ 2017-2020 JCC Rouf Library
Rouf Library, Jhenidah Cadet College (JCC), Bangladesh